|
|
|
|
| LEADER |
00000nas a2200000 a 4500 |
| 001 |
ssj0001258 |
| 003 |
WaSeSS |
| 005 |
20200512172242.0 |
| 006 |
m d |
| 007 |
cr n |
| 008 |
871119d19872005enkmr p s 0 a0eng c |
| 010 |
|
|
|a 88660076
|z sn 88018236
|
| 016 |
7 |
|
|a 012409196
|2 Uk
|
| 022 |
|
|
|l 0958-2053
|y 0958-2053
|
| 032 |
|
|
|a 745890
|b USPS
|
| 035 |
|
|
|a (WaSeSS)ssj0001258
|
| 040 |
|
|
|a FRY
|b eng
|c FRY
|d IUL
|d HUL
|d DLC
|d IUL
|d DLC
|d NSD
|d DLC
|d NST
|d GUA
|d HUL
|d IUL
|d OCLCQ
|d NOC
|d HUL
|d IUL
|d OCLCQ
|d UKMGB
|d OCLCF
|d RDF
|d WaSeSS
|
| 042 |
|
|
|a pcc
|a nsdp
|
| 050 |
0 |
0 |
|a HG3810
|b .C67
|
| 082 |
0 |
0 |
|a 658.1/5/05
|2 19
|
| 130 |
0 |
|
|a Corporate finance (London, England)
|
| 210 |
0 |
|
|a Corp. finance
|b (Lond.)
|
| 222 |
|
0 |
|a Corporate finance
|b (London)
|
| 245 |
1 |
0 |
|a Corporate finance
|h [electronic resource].
|
| 246 |
1 |
0 |
|a CF
|
| 260 |
|
|
|a [London :
|b Euromoney Publications PLC],
|c c1987-c2005.
|
| 310 |
|
|
|a Monthly
|
| 362 |
0 |
|
|a No. 34 (Sept. 1987)-no.243 (June 2005).
|
| 500 |
|
|
|a Title from cover.
|
| 506 |
|
|
|a License restrictions may limit access.
|
| 525 |
|
|
|a Has also supplements.
|
| 650 |
|
0 |
|a International finance
|v Periodicals.
|
| 650 |
|
0 |
|a Corporations
|x Finance
|v Periodicals.
|
| 650 |
|
7 |
|a Corporations
|x Finance.
|2 fast
|0 (OCoLC)fst00879841
|
| 650 |
|
7 |
|a International finance.
|2 fast
|0 (OCoLC)fst00976945
|
| 655 |
|
0 |
|a Electronic journals.
|
| 770 |
0 |
|
|t Futures & options directory
|w (DLC)sn 94029035
|w (OCoLC)30426864
|
| 770 |
0 |
|
|t Global M & A guide to advisory services
|w (DLC)sn 97034168
|w (OCoLC)36199374
|
| 780 |
0 |
0 |
|t Euromoney corporate finance
|x 0266-7002
|w (DLC)sn 85019272
|w (OCoLC)11714600
|
| 780 |
0 |
5 |
|t Global M & A and corporate strategy
|g 1996
|w (DLC)sn 94004092
|w (OCoLC)31360259
|
| 785 |
0 |
4 |
|t Euromoney
|x 0014-2433
|w (DLC) 76010311
|w (OCoLC)1148976
|
| 850 |
|
|
|a DLC
|a GU
|a InU
|a MH-BA
|a NN
|a NcU
|
| 856 |
4 |
0 |
|z Full text available from Research Library: 04/01/1993 to 06/30/2005
|u https://search.proquest.com/publication/30169
|